The Five Temptations of a CEO (Record no. 11256)

MARC details
000 -LEADER
fixed length control field 00619nam a2200241 a 4500
001 - CONTROL NUMBER
control field 0001-1256
003 - CONTROL NUMBER IDENTIFIER
control field ELIB.Books
008 - FIXED-LENGTH DATA ELEMENTS--GENERAL INFORMATION
fixed length control field 150615 2010 eng
020 ## - INTERNATIONAL STANDARD BOOK NUMBER
International Standard Book Number 0789744335
035 ## - SYSTEM CONTROL NUMBER
System control number (ELIB.Books)0001-1411
092 ## - LOCALLY ASSIGNED DEWEY CALL NUMBER (OCLC)
Classification number 813
Item number Len
100 ## - MAIN ENTRY--PERSONAL NAME
Personal name Lencioni, Patrick.
245 ## - TITLE STATEMENT
Title The Five Temptations of a CEO
Remainder of title A Leadership Fable
260 ## - PUBLICATION, DISTRIBUTION, ETC. (IMPRINT)
Place of publication, distribution, etc. San Francisso
Name of publisher, distributor, etc. Jossey-Bass
Date of publication, distribution, etc. 1988
300 ## - PHYSICAL DESCRIPTION
Extent 154
500 ## - GENERAL NOTE
General note C/o Moe Lwei
650 ## - SUBJECT ADDED ENTRY--TOPICAL TERM
Topical term or geographic name as entry element America Fiction
856 ## - ELECTRONIC LOCATION AND ACCESS
Name of location of host KBTS: Library
Uniform Resource Identifier <a href="KBTS: Elib">KBTS: Elib</a>
942 ## - ADDED ENTRY ELEMENTS (KOHA)
Source of classification or shelving scheme Dewey Decimal Classification
Koha item type Books
990 ## - EQUIVALENCES OR CROSS-REFERENCES [LOCAL, CANADA]
Link information for 9XX fields 1
998 ## - LOCAL CONTROL INFORMATION (RLIN)
Cataloger's initials, CIN (RLIN) bat
-- 2015-06-15
Holdings
Withdrawn status Lost status Source of classification or shelving scheme Damaged status Not for loan Home library Current library Date acquired Total Checkouts Barcode Date last seen Bill Date Koha item type
    Dewey Decimal Classification     Karen Baptist Theological Seminary Library Karen Baptist Theological Seminary Library 15/06/2015   15547 22/01/2022 22/01/2022 Books
Implemented & Customized by: BestBookBuddies

Powered by Koha